| 000 | 01176nam a2200301Ia 4500 | ||
|---|---|---|---|
| 005 | 20220317001950.0 | ||
| 008 | 200115s2019 ck 000 0 spa d | ||
| 020 | _a9789586655873 | ||
| 040 |
_aCO-BoRNBP _bspa _erda _cCO-BoRNBP |
||
| 041 | 0 | _aspa | |
| 082 | 0 | 4 |
_a791.4375 _bR27g |
| 100 | 1 |
_aRestrepo Sánchez, Gonzalo _eautor |
|
| 245 | 1 | 0 |
_aGabriel García Márquez y el cine _b¿una buena amistad? _cGonzalo Restrepo Sánchez |
| 250 | _aEdición especial | ||
| 264 | 1 |
_aBogotá _bSiglo del Hombre _c2019 |
|
| 300 |
_a172 páginas : _bfotografías en blanco y negro ; _c22 cm |
||
| 336 |
_2rdacontent _atexto _btxt |
||
| 337 |
_2rdamedia _asin mediación _bn |
||
| 338 |
_2rdacarrier _avolumen _bnc |
||
| 490 | 0 | _aPlan Nacional de Lectura y Escritura Leer es mi Cuento / Ministerio de Cultura | |
| 500 | _aIncluye bibliografía la final del texto | ||
| 521 | _aRecomendado para público adulto. | ||
| 600 | 1 | 4 |
_aGarcia Marquez, Gabriel, _d1927 - 2014 _xCritica e interpretación _96307 |
| 650 | 1 | 7 |
_aGuiones cinematográficos _2LEMB _zColombia |
| 650 | 1 | 7 |
_aCine y literatura _2LEMB _zColombia |
| 650 | 1 | 7 |
_aCritica de cine _2LEMB _zColombia |
| 942 |
_2ddc _cBK |
||
| 999 |
_c8726 _d8726 |
||